Statistiques concernant Culture Générale - Série 35

Cliquez ici pour prendre le quiz!

Statistiques générales

  • Ce quiz a été pris 1 654 fois
  • Le résultat moyen est 5 sur 10

Statistiques - réponses

QuestionRéponse% Correct
À propos de la forme de la France, on évoque unHéxagone
92%
Dans la mythologie grecque, comment s'appelle le Géant qui devait supporter le ciel sur ses épaules ?Atlas
72%
Comment s'appelait autrefois le Myanmar ?Birmanie
71%
En 732, quel souverain de France repousse une armée musulmane à Poitiers ?Charles Martel
54%
Comment s’appelle le male de l’oie ?Jars
50%
Quelle capitale Charlemagne s’était-il choisie ?Aix la Chapelle
44%
Le BCG est un vaccin contre :Tuberculose
33%
Comment s’appelait le breuvage des dieux qui rendait immortel ?L'hydromel
28%
Dans la mythologie grecque, quel était le jeune homme d'une grande beauté qui fut aimé d'Aphrodite ?Adonis
13%
Le même nom désigne un bateau et un avion . Quel est-il ?Caravelle
12%

Distribution des résultats

Percentile par nombre de réponses

% des personnes avec chaque résultat

Votre développement - résultats

Vous n’avez pas pris ce quiz